| 000 | 00758nam a2200217 a 4500 | ||
|---|---|---|---|
| 005 | 20241015063721.0 | ||
| 008 | 010620s1992 es r 000 0 spa d | ||
| 020 | _a842711768X | ||
| 035 | _aUPN01000108695 | ||
| 049 | _aCG | ||
| 050 | 4 |
_aQA11 _bA9.3 |
|
| 100 | 1 |
_aAuzmendi Escribano, Elena _931700 |
|
| 245 | 1 | 4 |
_aLas actitudes hacia la matemática/estadística en las enseñanzas medias y universitaria : _bcaraterísticas y medición / _cElena Auzmendi Escribano. |
| 260 |
_aBilbao, Esp. _bMensajero, _c1992. |
||
| 300 | _a119 p. | ||
| 440 | 0 |
_aRecursos e instrumentos psicopedagógicos ; _v2 |
|
| 650 | 4 |
_aMatemáticas _xEstudio y enseñanza (Superior) _99044 |
|
| 650 | 7 |
_aActitud (Psicología) _2 _9125 |
|
| 650 | 7 |
_aAnsiedad _2 _94750 |
|
| 905 | _aLibro | ||
| 999 |
_c82606 _d82606 |
||